| 000 | 00395 a2200145 4500 | ||
|---|---|---|---|
| 999 |
_c6319 _d6319 |
||
| 020 | _a9781779034762 | ||
| 050 | _aH 83 CHI 2011 | ||
| 100 |
_aChinoda, A M _eauthor |
||
| 245 |
_aStep in living and working together: _bgrade 6 pupil's book/ _cA M Chinoda |
||
| 264 |
_aHarare: _bLongman _c2011 |
||
| 300 |
_a120p.: _bill. |
||
| 500 | _aText | ||
| 650 | _aSocial studies | ||
| 942 |
_2lcc _cBK _h83 _iCHI _kH |
||